مكتبة جامعة عجلون الوطنية

فهرس بحث المكتبة

الاردن بالارقام 2023 = 2023 Jordan in Figures / (Record no. 33965)

MARC details
000 -LEADER
fixed length control field 00770nam a22002057a 4500
003 - CONTROL NUMBER IDENTIFIER
control field JO-AjAnu
005 - DATE AND TIME OF LATEST TRANSACTION
control field 20250723112920.0
008 - FIXED-LENGTH DATA ELEMENTS--GENERAL INFORMATION
fixed length control field 250723b jo ||||| |||| 00| 0 ara d
040 ## - CATALOGING SOURCE
Original cataloging agency JO-AjAnu
Language of cataloging ara
Transcribing agency JO-AjAnu
Modifying agency JO-AjAnu
Description conventions rda
041 ## - LANGUAGE CODE
Language code of text/sound track or separate title ara
Language code of original ara
050 ## - LIBRARY OF CONGRESS CALL NUMBER
Classification number HA4561.U72
Item number 2024
110 #1 - MAIN ENTRY--CORPORATE NAME
Corporate name or jurisdiction name as entry element دائرة الاحصاءات العامة
Relator term مؤلف
9 (RLIN) 66635
245 #0 - TITLE STATEMENT
Title الاردن بالارقام 2023 = 2023 Jordan in Figures /
Statement of responsibility, etc. دائرة الاحصاءات العامة
260 ## - PUBLICATION, DISTRIBUTION, ETC.
Place of publication, distribution, etc. عمان :
Name of publisher, distributor, etc. دائرة الاحصاءات العامة،
Date of publication, distribution, etc. 2024
300 ## - PHYSICAL DESCRIPTION
Extent 54 صفحة
490 ## - SERIES STATEMENT
Materials specified العدد 26 تشرين الاول 2024
504 ## - BIBLIOGRAPHY, ETC. NOTE
Bibliography, etc. note يحتوي على صور وجداول
650 70 - SUBJECT ADDED ENTRY--TOPICAL TERM
Topical term or geographic name entry element الاردن-احصاءات
9 (RLIN) 66636
942 ## - ADDED ENTRY ELEMENTS (KOHA)
Source of classification or shelving scheme Library of Congress Classification
Koha item type Books
Suppress in OPAC No
Holdings
Withdrawn status Lost status Source of classification or shelving scheme Damaged status Not for loan Home library Current library Date acquired Total Checkouts Full call number Barcode Date last seen Price effective from Koha item type
    Library of Congress Classification     مكتبة جامعة عجلون الوطنية مكتبة جامعة عجلون الوطنية 23/07/2025   HA4561.U72 2024 a30322 23/07/2025 23/07/2025 Books
    Library of Congress Classification     مكتبة جامعة عجلون الوطنية مكتبة جامعة عجلون الوطنية 23/07/2025   HA4561.U72 2024 a30321 23/07/2025 23/07/2025 Books